Combien de ville de Haute Savoie (74) connais-tu ? - Statistiques

Statistiques générales
  • Ce quiz a été pris 33 fois
  • Le résultat moyen est 39 sur 279
Statistiques - réponses
Code postal Ville % Correct
74011 Annecy
93%
74100 Annemasse
77%
74380 Bonne
63%
74120 Megève
63%
74700 Sallanches
63%
74200 Thonon-les-Bains
63%
74130 Bonneville
57%
74500 Évian-les-Bains
57%
74400 Chamonix-Mont-Blanc
53%
74300 Cluses
53%
74160 Saint-Julien-en-Genevois
50%
74800 La Roche-sur-Foron
47%
74220 La Clusaz
43%
74450 Le Grand-Bornand
43%
74970 Marignier
43%
74987 Rumilly
43%
74350 Cruseilles
40%
74110 Morzine
40%
74920 Combloux
37%
74260 Les Gets
37%
74190 Passy
37%
74340 Samoëns
37%
74170 Saint-Gervais-les-Bains
33%
74950 Scionzier
33%
74440 Taninges
33%
74230 Thônes
33%
74360 Abondance
30%
74540 Alby-sur-Chéran
30%
74310 Les Houches
30%
74250 Viuz-en-Sallaz
30%
74140 Yvoire
30%
74370 Argonay
27%
74240 Gaillard
27%
74570 Groisy
27%
74308 Magland
27%
74330 Poisy
27%
74410 Saint-Jorioz
27%
74800 Saint-Pierre-en-Faucigny
27%
74300 Thyez
27%
74420 Habère-Lullin
23%
74420 Habère-Poche
23%
74330 La Balme-de-Sillingy
23%
74170 Les Contamines-Montjoie
23%
74440 Mieussy
23%
74120 Praz-sur-Arly
23%
74140 Sciez
23%
74310 Servoz
23%
74320 Sevrier
23%
74330 Sillingy
23%
74166 Archamps
20%
74420 Boëge
20%
74700 Cordon
20%
74120 Demi-Quartier
20%
74210 Doussard
20%
74140 Douvaine
20%
74230 Les Clefs
20%
74230 Manigod
20%
74460 Marnaz
20%
74930 Reignier-Ésery
20%
74540 Saint-Félix
20%
74450 Saint-Jean-de-Sixt
20%
74490 Saint-Jeoire
20%
74740 Sixt-Fer-à-Cheval
20%
74520 Valleiry
20%
74660 Vallorcine
20%
74250 Ville-en-Sallaz
20%
74100 Ville-la-Grand
20%
74290 Alex
17%
74800 Amancy
17%
74111 Ambilly
17%
74350 Andilly
17%
74250 Bogève
17%
74890 Bons-en-Chablais
17%
74650 Chavanod
17%
74370 Epagny Metz-Tessy
17%
74140 Excenevex
17%
74250 Fillinges
17%
74470 Lullin
17%
74440 Morillon
17%
74910 Seyssel
17%
74100 Vétraz-Monthoux
17%
74290 Veyrier-du-Lac
17%
74130 Vougy
17%
74200 Allinges
13%
74200 Anthy-sur-Léman
13%
74300 Arâches-la-Frasse
13%
74130 Ayse
13%
74470 Bellevaux
13%
74380 Cranves-Sales
13%
74230 Dingy-Saint-Clair
13%
74800 Etaux
13%
74100 Étrembières
13%
74210 Faverges-Seythenex
13%
74570 Fillière
13%
74270 Frangy
13%
74130 Glières-Val-de-Borne
13%
74230 Les Villards-sur-Thônes
13%
74140 Machilly
13%
74490 Mégevette
13%
74290 Menthon-Saint-Bernard
13%
74130 Mont-Saxonnex
13%
74500 Novel
13%
74250 Peillonnex
13%
74550 Perrignier
13%
74600 Quintal
13%
74210 Saint-Ferréol
13%
74500 Saint-Gingolph
13%
74430 Saint-Jean-d'Aulps
13%
74250 Saint-Jean-de-Tholome
13%
74270 Sallenôves
13%
74230 Serraval
13%
74290 Talloires-Montmin
13%
74580 Viry
13%
74520 Vulbens
13%
74350 Allonzier-la-Caille
10%
74930 Arbusigny
10%
74140 Ballaison
10%
74160 Beaumont
10%
74290 Bluffy
10%
74370 Charvonnex
10%
74390 Châtel
10%
74300 Châtillon-sur-Cluses
10%
74140 Chens-sur-Léman
10%
74161 Collonges-sous-Salève
10%
74700 Domancy
10%
74410 Duingt
10%
74500 Féternes
10%
74210 Giez
10%
74540 Héry-sur-Alby
10%
74230 La Balme-de-Thuy
10%
74360 La Chapelle-d'Abondance
10%
74800 La Chapelle-Rambaud
10%
74200 La Forclaz
10%
74500 Larringes
10%
74210 Lathuile
10%
74250 La Tour
10%
74430 Le Biot
10%
74230 Le Bouchet-Mont-Charvin
10%
74320 Leschaux
10%
74330 Lovagny
10%
74500 Lugrin
10%
74250 Marcellaz
10%
74200 Marin
10%
74380 Nangy
10%
74160 Neydens
10%
74490 Onnion
10%
74550 Orcier
10%
74500 Publier
10%
74140 Saint-Cergues
10%
74410 Saint-Eustache
10%
74800 Saint-Laurent
10%
74150 Sales
10%
74930 Scientrier
10%
74360 Vacheresse
10%
74210 Val de Chaise
10%
74150 Vaulx
10%
74140 Veigy-Foncenex
10%
74160 Vers
10%
74370 Villaz
10%
74540 Allèves
7%
74800 Arenthon
7%
74380 Arthaz-Pont-Notre-Dame
7%
74910 Bassy
7%
74500 Bernex
7%
74160 Bossey
7%
74150 Boussy
7%
74130 Brizon
7%
74350 Cercier
7%
74350 Cernex
7%
74540 Chainaz-les-Frasses
7%
74910 Challonges
7%
74500 Champanges
7%
52000 Chaumont
7%
74520 Chevrier
7%
74270 Chilly
7%
74270 Clarafond-Arcine
7%
74130 Contamine-sur-Arve
7%
74350 Copponex
7%
74540 Cusy
7%
74550 Draillant
7%
1200 Éloise
7%
74130 Faucigny
7%
74540 Gruffy
7%
74150 Hauteville-sur-Fier
7%
74100 Juvigny
7%
74430 La Baume
7%
74410 La Chapelle-Saint-Maurice
7%
74560 La Muraz
7%
74950 Le Reposoir
7%
74140 Loisin
7%
74150 Lornay
7%
74380 Lucinges
7%
74200 Margencel
7%
74150 Marigny-Saint-Marcel
7%
74150 Massingy
7%
74140 Massongy
7%
74500 Maxilly-sur-Léman
7%
74500 Meillerie
7%
74350 Menthonnex-en-Bornes
7%
74270 Minzier
7%
74300 Nancy-sur-Cluses
7%
74140 Nernier
7%
74200 Reyvroz
7%
74150 Saint-Eusèbe
7%
74300 Saint-Sigismond
7%
74800 Saint-Sixt
7%
74430 Seytroux
7%
74150 Thusy
7%
74910 Usinens
7%
74470 Vailly
7%
74440 Verchaix
7%
74150 Versonnex
7%
74420 Villard
7%
74500 Vinzier
7%
74540 Viuz-la-Chiésaz
7%
74200 Armoy
3%
74150 Bloye
3%
74360 Bonnevaux
3%
74550 Cervens
3%
74540 Chapeiry
3%
74270 Chêne-en-Semine
3%
74520 Chênex
3%
74210 Chevaline
3%
74500 Chevenoz
3%
74330 Choisy
3%
74270 Clermont
3%
74800 Cornier
3%
74150 Crempigny-Bonneguête
3%
74270 Desingy
3%
74520 Dingy-en-Vuache
3%
74270 Droisy
3%
74410 Entrevernes
3%
74110 Essert-Romand
3%
74150 Étercy
3%
74166 Feigères
3%
74890 Fessy
3%
74910 Franclens
3%
74520 Jonzier-Épagny
3%
74110 La Côte-d'Arbroz
3%
74440 La Rivière-Enverse
3%
74200 La Vernaz
3%
74350 Le Sappey
3%
74150 Marcellaz-Albanais
3%
74270 Menthonnex-sous-Clermont
3%
74330 Mésigny
3%
74140 Messery
3%
74600 Montagny-les-Lanches
3%
74110 Montriond
3%
74150 Moye
3%
74370 Nâves-Parmelan
3%
74500 Neuvecelle
3%
74330 Nonglard
3%
74930 Pers-Jussy
3%
74160 Présilly
3%
74420 Saint-André-de-Boëge
3%
74350 Saint-Blaise
3%
74910 Saint-Germain-sur-Rhône
3%
74500 Saint-Paul-en-Chablais
3%
74540 Saint-Sylvestre
3%
74520 Savigny
3%
74420 Saxel
3%
74500 Thollon-les-Mémises
3%
74150 Vallières-sur-Fier
3%
74270 Vanzy
3%
74350 Villy-le-Bouveret
3%
74350 Villy-le-Pelloux
3%
74350 Vovray-en-Bornes
3%
74890 Brenthonne
0%
74420 Burdignin
0%
74270 Chavannaz
0%
74270 Chessenaz
0%
74270 Contamine-Sarzin
0%
74350 Cuvat
0%
74890 Lully
0%
74200 Lyaud
0%
74270 Marlioz
0%
74560 Monnetier-Mornex
0%
74540 Mûres
0%
74270 Musièges
0%
Aucun quiz correspondant
Distribution des résultats
% des personnes avec chaque résultat
Percentile par nombre de réponses
Votre historique - résultats
Vous n’avez pas pris ce quiz